000 00819nam a2200205Ia 4500
003 OSt
005 20250716160430.0
008 210310s9999 xx 000 0 und d
020 _a9789501115499
037 _bDonación
040 _aCO-JMCR
_bspa
_cCO-JMCR
_dCO-JMCR
_erda
041 0 _aspa
082 0 4 _aJ-C
_bCLAh
245 0 _aClásicos del humor /
300 _b71 páginas ;
_c22 cm.
520 3 _aEsta antología reúne cuentos de humor relatados por grandes autores clásicos. Hay cuentos en los que predomina el ingenio, como en los de Boccacio, Saki, y Güiraldes; otros que presentan situaciones cómicas, como en los que se utiliza el humor para realizar crítica de costumbres, como en los de Chejov y Fray Mocho.
650 1 4 _acuentos
_924228
_2JMCR
650 2 4 _ahumor
_2JMCR
_944024
942 _2ddc
_cBK
999 _c10970
_d10970